| 000 -CABECERA |
| Longitud fija campo de control |
00905nam a2200205 a 4500 |
| 001 - NÚMERO DE CONTROL |
| Número de control |
5988 |
| 003 - IDENTIFICADOR DEL NÚMERO DE CONTROL |
| Identificador del número de control |
CDMR |
| 005 - FECHA Y HORA DE LA ÚLTIMA TRANSACCIÓN |
| Fecha y hora de la última transacción |
20151026133603.0 |
| 008 - CÓDIGOS DE INFORMACIÓN DE LONGITUD FIJA |
| Códigos de información de longitud fija |
130220s2006||||||||||||||||||||||||||||d |
| 040 ## - FUENTE DE LA CATALOGACIÓN |
| Centro catalogador de origen |
CDMR |
| Lengua de catalogación |
cat |
| Centro transcriptor |
CDMR |
| 100 1# - PUNTO DE ACCESO PRINCIPAL-NOMBRE DE PERSONA |
| Nombre de persona |
Niqui, Cinto |
| 9 (RLIN) |
904 |
| 245 10 - MENCIÓN DE TÍTULO |
| Título |
Crisis en el model de la radiofusió internacional i en la programació en castellà i català vers Europa (1978 - 1998) |
| Resto del título |
: cronologia dels programes internacionals en llengua catalana del segle XX |
| Mención de responsabilidad, etc. |
Cinto Niqui Espinosa |
| 260 ## - PUBLICACIÓN, DISTRIBUCIÓN, ETC. (PIE DE IMPRENTA) |
| Lugar de publicación, distribución, etc. |
Barcelona |
| Fecha de publicación, distribución, etc. |
2006 |
| 300 ## - DESCRIPCIÓN FÍSICA |
| Extensión |
417 p ; |
| Dimensiones |
22 cm |
| Material anejo |
+ 1 CD-ROM |
| 500 ## - NOTA GENERAL |
| Nota general |
Tesi defensada a la Universitat Autònoma de Barcelona, Facultat de Ciències de la Comunicació, Departament de Comunicació Audiovisual i Publicitat, 2007 |
| 650 04 - PUNTO DE ACCESO ADICIONAL DE MATERIA - TÉRMINO DE MATERIA |
| 9 (RLIN) |
2805 |
| Término de materia o nombre geográfico como elemento inicial |
Radiodifusió internacional |
| Subdivisión cronológica |
1978-1998 |
| 650 04 - PUNTO DE ACCESO ADICIONAL DE MATERIA - TÉRMINO DE MATERIA |
| 9 (RLIN) |
1724 |
| Término de materia o nombre geográfico como elemento inicial |
Ràdio |
| Subdivisión de materia general |
Programació |
| 650 04 - PUNTO DE ACCESO ADICIONAL DE MATERIA - TÉRMINO DE MATERIA |
| 9 (RLIN) |
2994 |
| Término de materia o nombre geográfico como elemento inicial |
Tesis i dissertacions acadèmiques |
| 942 ## - ENTRADA DE ELEMENTOS AGREGADOS (KOHA) |
| Koha [por defecto] tipo de item |
Tesines |
| Fuente de clasificaión o esquema |
|